书目信息 |
| 题名: |
中高档135相机手册
|
|
| 作者: | 周明 , 林路 编著 | |
| 分册: | ||
| 出版信息: | 福州 福建科学技术出版社 1998.05 |
|
| 页数: | 455页 | |
| 开本: | 32开 | |
| 丛书名: | ||
| 单 册: | ||
| 中图分类: | TB85-62 | |
| 科图分类: | ||
| 主题词: | 摄影--机具 , 摄影--设备 | |
| 电子资源: | ||
| ISBN: | 7-5335-1281-2 | |
| 000 | 00630nam0 2200217 45 | |
| 001 | 0007271040 | |
| 005 | 20000727100709.6 | |
| 010 | @a7-5335-1281-2@d20.20元 | |
| 100 | @a20000727d1998 km y0chiy0120 ea | |
| 101 | 0 | @achi |
| 105 | @a z 000yy | |
| 200 | 1 | @a中高档135相机手册@AZhong Gao Dang 135 Xiang Ji Shou Ce@f周明,林路编著@FZhou Ming,Lin Lu Bian Zhu |
| 210 | @a福州@c福建科学技术出版社@d1998.05 | |
| 215 | @a455页@d32开 | |
| 606 | 0 | @a摄影@x机具 |
| 606 | 0 | @a摄影@x设备 |
| 690 | @aTB85-62@v3 | |
| 701 | 0 | @a周明@4编著 |
| 701 | 0 | @a林路@4编著 |
| 801 | @aCN@bPftUser@c20000727 | |
| 905 | @b80250-252@dTB85-62@eZH.532@f3 | |
| 中高档135相机手册/周明,林路编著.-福州:福建科学技术出版社,1998.05 |
| 455页;32开 |
| ISBN 7-5335-1281-2:20.20元 |
| ● |
| 相关链接 |
|
|
|
正题名:中高档135相机手册
索取号:TB85-62/ZH.532
 
预约/预借
| 序号 | 登录号 | 条形码 | 馆藏地/架位号 | 状态 | 备注 |
| 1 | 80250 | 200802505 | 自科库501/501自科库 19排2列3层/ [索取号:TB85-62/ZH.532] | 在馆 | |
| 2 | 80251 | 200802514 | 自科库501/501自科库 19排2列3层/ [索取号:TB85-62/ZH.532] | 在馆 | |
| 3 | 80252 | 200802523 | 自科库501/501自科库 19排2列3层/ [索取号:TB85-62/ZH.532] | 在馆 |